000 01501cam a2200349 i 4500
001 12747
003 Mx-PuUPA
005 20250225085201.0
008 140415s1987 mx gr 000 0 spa d
020 _a9682607787
040 _aMx-PuUPA
_bspa
_cMx-PuUPA
_dMx-PuUPA
_erda
041 1 _aspa
_heng
100 1 _aPorter, Michael E.,
_d1947-
_92251
_eautor
240 1 0 _aCompetitive advantage. Creating and sustaining.
_lEspañol
245 1 0 _aVentaja competitiva :
_bcreación y sostenimiento de un desempeño superior /
_cMIchael E. Porter ; traducción, María Ascención de la Campa Pérez Sevilla
250 _aPrimera edición
264 1 _aMéxico, D. F. :
_bGrupo Editorial Cultural,
_c©1987
300 _a550 páginas :
_bdiagramas, tablas ;
_c24 cm
336 _2rdacontent
_atexto
_btxt
337 _2rdamedia
_asin medio
_bn
338 _2rdacarrier
_avolumen
_bnc
545 1 _aReimpresiones: (Décima novena, 2000) ; (Vigésima, 2001).
650 7 _2armarc
_aAdministración industrial
650 7 _2armarc
_aIndustrialización
650 7 _2armarc
_aCompañias extranjeras
_xCompetencia económica internacionales
_xPaíses desarrollados
650 7 _2armarc
_aPolítica económica
_xPaíses desarrollados
700 1 _aCampa Pérez Sevilla, María Ascención de la,
_etraductor
765 0 _aPorter, Michael E., 1947-
_tCompetitive advantage. Creating and sustaining.
_z002925090
942 _2ddc
_cLI
_h658
_iP8518
999 _c12747
_d12747